Worst Movies of All Time (by Picture) - Statistics

General Stats
  • This quiz has been taken 281 times
  • The average score is 6 of 16
Answer Stats
Picture Answer % Correct
Super Mario Bros.
83%
Howard the Duck
78%
Batman & Robin
54%
The Room
54%
Star Wars Holiday Special
47%
Gigli
41%
Battlefield Earth
34%
Showgirls
30%
Troll 2
27%
Birdemic: Shock and Terror
26%
Mac and Me
26%
Plan 9 from Outer Space
26%
The Garbage Pail Kids Movie
23%
Leonard Part 6
14%
Cool As Ice
11%
Reefer Madness
10%
No matching quizzes found
Score Distribution
Percent of People with Each Score
Percentile by Number Answered
Your Score History
You have not taken this quiz